Ninho-Fendi - Statistiques

Statistiques générales
  • Ce quiz a été pris 288 fois
  • Le résultat moyen est 261 sur 460
Statistiques - réponses
Réponse % Correct
à
96%
a
96%
le
94%
Refrain Les
90%
les
90%
Les
90%
La
89%
je
89%
la
89%
suis
85%
absent
84%
plus
84%
dans
83%
Dans
83%
de
82%
sous
82%
tard
82%
après
81%
et
81%
Et
81%
et
81%
pour
80%
fou
79%
fou,
79%
crever
78%
intro J'cours
78%
couplet j'cours
78%
sont
78%
il
77%
en
76%
ma
76%
Ma
76%
un
76%
qu'a
75%
qu'à
75%
si
75%
blanche
74%
comme
74%
faire
74%
N.I
74%
Pas
74%
pas
74%
mes
72%
Ils
71%
ils
71%
mon
71%
trace
71%
au
70%
fous
70%
j'pourrais
69%
sniffer
69%
venir
69%
l'abcès
68%
l’abcès
68%
bon
67%
frère
67%
j'ai
67%
siège
67%
bébé
66%
cramé
64%
aucun
63%
coûte
63%
j'suis
63%
lumière
63%
ça
62%
on
62%
On
62%
vu
62%
allé
61%
coup
60%
couteau
60%
ou
60%
pourrais
60%
l'monospace
59%
part
59%
quand
59%
aide
58%
bite
58%
tu
58%
avec
57%
bons
57%
travail
57%
bout
56%
discipline
56%
Fendi
56%
j'y
56%
liasse
56%
pourquoi
56%
tombé
56%
Détermination
55%
dirait
55%
j'étais
55%
ouais
54%
Alpha
53%
Aucune
53%
l'école
53%
panne
53%
des
52%
Donc
52%
l'fond
52%
l'tunnel
52%
donné
51%
d'pouce
51%
du
51%
pierres
51%
Allemagne
49%
amis
49%
crémeux
49%
pied
49%
que
49%
ennemis
48%
biffton
47%
mais
47%
meilleurs
47%
Moula
47%
bras
46%
c'est
46%
C'est
46%
C'est
46%
C'est
46%
Tout
46%
Binks
45%
guerre
45%
t'es
45%
j'espère
44%
l'boloss
44%
mère
44%
shit
44%
claquer
43%
être
43%
Nique
43%
Parti
43%
schmitt
43%
beuh
42%
chez
42%
collabo
41%
es
41%
rico
41%
confiance
40%
côté
40%
d'côté
40%
fais
40%
t'as
40%
t'y
40%
vers
40%
j'irais
39%
j'le
39%
re-frè
39%
tous
39%
bus
38%
nous
38%
pète
38%
pue
38%
rien
38%
volé
38%
équipé
37%
monte
37%
Motivé
37%
4x4
36%
Audi
36%
fatigué
36%
m'inquiéter
36%
pétard
36%
abîmée
35%
célébrité
35%
d'la
35%
d'mes
35%
flammes
35%
frères
35%
j'compte
35%
juste
35%
rendu
35%
Rivoli
35%
rue
35%
devrais-je
34%
disent
34%
t-shirt
34%
l'armoire
34%
pote
34%
t-shirt
34%
34%
chauffé
33%
hatay
33%
j'l'ai
33%
m'l'a
33%
opté
33%
s'connait
33%
Toi
33%
vive
33%
charbonné
32%
agité
31%
balles
31%
Bécane
31%
Fuck
31%
hashtags
31%
pobre
31%
tartiner
31%
fois
30%
donnée
29%
eu'
29%
lune
29%
mal
29%
place
29%
sur
29%
faut
28%
G.A.V
28%
Rafale
28%
réelles
28%
Casté
27%
débridée
26%
foire
26%
l'concessionnaire
25%
s’abriter
25%
Désolé
24%
trois
23%
gasoil
22%
hendek
19%
hami
18%
j’éteins
17%
mille
17%
l'Abreu
16%
l'pénave
16%
l'pétard
16%
ressors
15%
s'connais
15%
tigné
14%
600
11%
halla
11%
l'halla
1%
Aucun quiz correspondant
Distribution des résultats
% des personnes avec chaque résultat
Percentile par nombre de réponses
Votre historique - résultats
Vous n’avez pas pris ce quiz